000 00486nam a2200145Ia 4500
008 100122s9999 xx 000 0 und d
082 _b67062
_a294.5
100 _aबापट श्री ग
245 _aसार्थ पवन विजय
260 _bएकनाथ संशोधन मंदिर प्रकाशन
_c2004
300 _a112
630 _aसार्थ पवन विजय
730 _aसार्थ पवन विजय
942 _cBOOK
999 _c439358
_d439355